AH International Schools' Libraries

Normal view MARC view
  • Technology. Robots. Future life. Future advancements

Entry Topical Term

Number of records used in: 1

001 - CONTROL NUMBER

  • control field: 85682

003 - CONTROL NUMBER IDENTIFIER

  • control field: OSt

005 - DATE AND TIME OF LATEST TRANSACTION

  • control field: 20241119105850.0

008 - FIXED-LENGTH DATA ELEMENTS

  • fixed length control field: 241119|| aca||aabn | a|a d

040 ## - CATALOGING SOURCE

  • Original cataloging agency: OSt
  • Transcribing agency: OSt

150 ## - HEADING--TOPICAL TERM

  • Topical term or geographic name as entry element: Technology. Robots. Future life. Future advancements

670 ## - SOURCE DATA FOUND

  • Source citation: Work cat.: (OSt)47872: Hulick, Kathryn. 85681, Welcome to the future /, 2021.

For any Logos Library related questions please contact Miss Art at swongnarasuk@asianhope.org.

For any Asian Hope Library related questions please contact Miss Raza at graza@asianhope.org.

Powered by Koha